| 000 | 00364nam a2200133Ia 4500 | ||
|---|---|---|---|
| 008 | 230917s9999||||xx |||||||||||||| ||und|| | ||
| 040 |
_e219271 _aMAIN |
||
| 041 | _aEnglish | ||
| 082 | _a658.4092 J199D | ||
| 100 | _aJain, Uma, ed. | ||
| 245 | 0 | _aDeveloping leadership for the global era: HRD perspectives and initiatives | |
| 260 |
_a2005 _bx, 340 |
||
| 942 | _cBK | ||
| 999 |
_c135153 _d135153 |
||